|
|
|
|
| LEADER |
01185nab#a2200349#ar4500 |
| 001 |
000072039 |
| 003 |
SVKKK |
| 005 |
20020122xxxxxxx. |
| 008 |
06 c xo huno |
| FMT |
|
|
|
| 038 |
|
|
|a SVKKK
|
| 040 |
|
|
|a SVKKK
|b slo
|e AACR2
|
| 041 |
0 |
|
|a hun
|
| 044 |
|
|
|a xo
|c SK
|
| 080 |
|
|
|a 347.4
|
| 100 |
1 |
|
|a Lakatos, [?]
|4 aut
|
| 242 |
1 |
0 |
|a Výpis z dražobného oznamu
|
| 245 |
1 |
0 |
|a Árverési hirdetményi kivonat
|c [?] Lakatos / Karol Rónai
|
| 500 |
|
|
|a Károly
|
| 500 |
|
|
|a mikrofilm
|
| 520 |
2 |
|
|a Text oznamu o verejnej dražbe majetku Vasila Kavcsáka a jeho manželky rod. Eva Huntyak v prospech dražiteľa Jána (János) Hrinda. Majetky menovaných sú zapísané v pozemkovej knihe č. 97 v Medzilaborciach. Text oznamu datovaný v Humennom 23. 06. 1913.
|
| 650 |
0 |
4 |
|a dražby - Hrinda, Ján (dražiteľ) - Kavcsák, Vasil (vydražovaný) - Medzilaborce - 10.10.1913 - texty
|
| 700 |
1 |
|
|a Rónai, Karol
|4 aut
|
| 773 |
0 |
|
|t Homonna és Vidéke : Hetilap
|g Roč. 13, č. 32 (03.08.1913) s. 3
|
| 957 |
|
|
|a Humenné
|
| 957 |
|
|
|a Medzilaborce
|
| 958 |
|
|
|a DG
|
| 958 |
|
|
|a SK
|
| 974 |
|
|
|a Ba
|d 20020122
|
| 992 |
|
|
|a RBX
|
| BAS |
|
|
|
| 998 |
|
|
|a RETRO
|